Ensayos de Literatura (verdaderamente) general / (Record no. 61136)

MARC details
000 -LEADER
campo de control de longitud fija 00567nam a2200193 i 4500
001 - NÚMERO DE CONTROL
campo de control 61136
003 - IDENTIFICADOR DE NÚMERO DE CONTROL
campo de control ES-MaACL
005 - FECHA Y HORA DE LA ÚLTIMA TRANSACCIÓN
campo de control 20230906164358.0
007 - CAMPO FIJO DE DESCRIPCIÓN FÍSICA--INFORMACIÓN GENERAL
campo de control de longitud fija t|
008 - DATOS DE LONGITUD FIJA--INFORMACIÓN GENERAL
campo de control de longitud fija 031110s1977 sp ||||1| spa d
100 1# - ENTRADA PRINCIPAL--NOMBRE DE PERSONA
Nombre de persona Etiemble, René.
9 (RLIN) 182776
245 10 - MENCIÓN DEL TÍTULO
Título Ensayos de Literatura (verdaderamente) general /
Mención de responsabilidad, etc. Etiemble ; versión, Roberto Yahni.
260 ## - PUBLICACIÓN, DISTRIBUCIÓN, ETC.
Lugar de publicación, distribución, etc. [Madrid] :
Nombre del editor, distribuidor, etc. Taurus,
Fecha de publicación, distribución, etc. [1977]
300 ## - DESCRIPCIÓN FÍSICA
Extensión 189 p. ;
Dimensiones 21 cm.
700 1# - ENTRADA AGREGADA--NOMBRE PERSONAL
Nombre de persona Yahni, Roberto.
9 (RLIN) 117542
852 ## - LOCALIZACIÓN
Ubicación ES-MaACL
Número de control de estantería A-7599
Sublocalización o colección R.96900
852 ## - LOCALIZACIÓN
Ubicación ES-MaACL
Número de control de estantería A-8059
Sublocalización o colección R.97399
Holdings
Estatus retirado Estado de pérdida Estado de daño No para préstamo Biblioteca de origen Biblioteca actual Ubicación en estantería Fecha de adquisición Fuente de adquisición Total de préstamos Signatura topográfica completa Código de barras Visto por última vez Precio de reemplazo Tipo de ítem Koha
        Biblioteca del Ateneo de Madrid Biblioteca del Ateneo de Madrid Sala Pecera Planta 1 17/01/2008     A-8059 1064110 23/02/2023 23/02/2023 Libro impreso
        Biblioteca del Ateneo de Madrid Biblioteca del Ateneo de Madrid Sala Pecera Planta 1 17/01/2008     A-7599 1064109 23/02/2023 23/02/2023 Libro impreso